<?xml version="1.0" encoding="UTF-8"?>
<record
    xmlns:xsi="http://www.w3.org/2001/XMLSchema-instance"
    xsi:schemaLocation="http://www.loc.gov/MARC21/slim http://www.loc.gov/standards/marcxml/schema/MARC21slim.xsd"
    xmlns="http://www.loc.gov/MARC21/slim">

  <leader>00992cam a22002418a 4500</leader>
  <datafield tag="999" ind1=" " ind2=" ">
    <subfield code="c">1934</subfield>
    <subfield code="d">1934</subfield>
  </datafield>
  <controlfield tag="003">OSt</controlfield>
  <controlfield tag="005">20210706100252.0</controlfield>
  <controlfield tag="008">210702b           ||||| |||| 00| 0 eng d</controlfield>
  <datafield tag="020" ind1=" " ind2=" ">
    <subfield code="a">0412570807</subfield>
  </datafield>
  <datafield tag="020" ind1=" " ind2=" ">
    <subfield code="a">1565933133</subfield>
  </datafield>
  <datafield tag="040" ind1=" " ind2=" ">
    <subfield code="c">ALUPE UNIVERSITY</subfield>
  </datafield>
  <datafield tag="050" ind1="0" ind2="0">
    <subfield code="a">RC45 </subfield>
    <subfield code="b">.G8 1994</subfield>
  </datafield>
  <datafield tag="100" ind1="1" ind2=" ">
    <subfield code="a">Gunzburg, John C.</subfield>
    <subfield code="0">http://id.loc.gov/authorities/names/n93013743</subfield>
  </datafield>
  <datafield tag="245" ind1="1" ind2="4">
    <subfield code="a">The grief counselling casebook :</subfield>
    <subfield code="b">a student's guide to unresolved grief /</subfield>
    <subfield code="c">John C. Gunzberg and William Stewart.</subfield>
  </datafield>
  <datafield tag="250" ind1=" " ind2=" ">
    <subfield code="a">1st ed.</subfield>
  </datafield>
  <datafield tag="260" ind1=" " ind2=" ">
    <subfield code="a">London ;</subfield>
    <subfield code="a">New York :</subfield>
    <subfield code="b">Chapman &amp; Hall ;</subfield>
    <subfield code="a">San Diego, Calif. :</subfield>
    <subfield code="b">Distributed in the USA and Canada by Singular Pub. Group,</subfield>
    <subfield code="c">1994.</subfield>
  </datafield>
  <datafield tag="300" ind1=" " ind2=" ">
    <subfield code="a">xiii, 307 p. :</subfield>
    <subfield code="b">ill.</subfield>
  </datafield>
  <datafield tag="650" ind1=" " ind2="2">
    <subfield code="a">Grief.</subfield>
    <subfield code="0">https://id.nlm.nih.gov/mesh/D006117</subfield>
  </datafield>
  <datafield tag="650" ind1=" " ind2="2">
    <subfield code="a">Counseling</subfield>
    <subfield code="x">methods.</subfield>
    <subfield code="0">https://id.nlm.nih.gov/mesh/D003376Q000379</subfield>
  </datafield>
  <datafield tag="655" ind1=" " ind2="2">
    <subfield code="0">https://id.nlm.nih.gov/mesh/D002363</subfield>
  </datafield>
  <datafield tag="700" ind1="1" ind2=" ">
    <subfield code="a">Stewart, William,</subfield>
    <subfield code="d">1927-</subfield>
    <subfield code="0">http://id.loc.gov/authorities/names/n85063826</subfield>
  </datafield>
  <datafield tag="942" ind1=" " ind2=" ">
    <subfield code="2">lcc</subfield>
    <subfield code="c">BK</subfield>
    <subfield code="n">PW</subfield>
  </datafield>
  <datafield tag="952" ind1=" " ind2=" ">
    <subfield code="0">0</subfield>
    <subfield code="1">0</subfield>
    <subfield code="2">lcc</subfield>
    <subfield code="4">0</subfield>
    <subfield code="7">0</subfield>
    <subfield code="a">MLIB</subfield>
    <subfield code="b">MLIB</subfield>
    <subfield code="c">OS</subfield>
    <subfield code="d">2021-07-02</subfield>
    <subfield code="l">0</subfield>
    <subfield code="o">RC45  .L6 G8 1994</subfield>
    <subfield code="p">28002374</subfield>
    <subfield code="r">2021-07-02</subfield>
    <subfield code="w">2021-07-02</subfield>
    <subfield code="y">BK</subfield>
    <subfield code="z">PW</subfield>
  </datafield>
  <datafield tag="952" ind1=" " ind2=" ">
    <subfield code="0">0</subfield>
    <subfield code="1">0</subfield>
    <subfield code="2">lcc</subfield>
    <subfield code="4">0</subfield>
    <subfield code="7">0</subfield>
    <subfield code="a">MLIB</subfield>
    <subfield code="b">MLIB</subfield>
    <subfield code="c">OS</subfield>
    <subfield code="d">2021-07-06</subfield>
    <subfield code="l">0</subfield>
    <subfield code="o">RC45  .G8 1994 C2</subfield>
    <subfield code="p">28002375</subfield>
    <subfield code="r">2021-07-06</subfield>
    <subfield code="t">2</subfield>
    <subfield code="w">2021-07-06</subfield>
    <subfield code="y">BK</subfield>
    <subfield code="z">DO</subfield>
  </datafield>
</record>
